[Event "National op"]
[Site "Las Vegas"]
[Date "1997.??.??"]
[Round "4"]
[White "Sammour Hasbun, Jorge E"]
[Black "Oll, Lembit"]
[Result "0-1"]
[WhiteElo "2470"]
[BlackElo "2625"]
[PlyCount "37"]
[EventDate "1997.08.03"]
[EventType "swiss"]
[EventRounds "6"]
[EventCountry "USA"]
[Source "ChessBase"]
[SourceDate "1997.07.29"]
[WhiteTeamCountry "EST"]
[BlackTeamCountry "CZE"]

1. d4 d5 2. Nf3 Nf6 3. c4 c6 4. Nc3 e6 5. Bg5 Nbd7 6. cxd5 exd5 7. e3 Be7 8.
Bd3 O-O 9. Qc2 Re8 10. O-O Nf8 11. Ne5 N6d7 12. Bxe7 Qxe7 13. Nxd7 Bxd7 14. e4
dxe4 15. Bxe4 Ng6 16. d5 Rac8 17. Rad1 cxd5 18. Bxd5 $2 {#} Qb4 $2 (18... Bb5
$3) 19. Bxf7+ 0-1

[Event "National op"]
[Site "Las Vegas"]
[Date "1997.??.??"]
[Round "5"]
[White "Oll, Lembit"]
[Black "Smirin, Ilia"]
[Result "0-1"]
[WhiteElo "2625"]
[BlackElo "2625"]
[Annotator "Bulletin"]
[PlyCount "72"]
[EventDate "1997.08.03"]
[EventType "swiss"]
[EventRounds "6"]
[EventCountry "USA"]
[Source "ChessBase"]
[SourceDate "1997.07.29"]
[WhiteTeamCountry "EST"]
[BlackTeamCountry "CZE"]

1. e4 c5 2. Nf3 Nc6 3. d4 cxd4 4. Nxd4 e6 5. Nc3 Qc7 6. Be2 Nf6 7. f4 d6 8. Be3
a6 9. O-O Be7 10. a4 O-O 11. Kh1 Re8 12. Bf3 Na5 13. Bg1 Bf8 14. Qe1 e5 15.
fxe5 dxe5 16. Nf5 Bxf5 17. exf5 Bb4 18. Be2 {
The beginning of a fantastic concept#} Rac8 19. Nb5 $1 Qe7 20. c3 Nb3 21. Rd1
axb5 22. cxb4 bxa4 23. Bb5 Red8 24. Rxd8+ Rxd8 25. Bxa4 Nd4 26. Bd1 Qd6 27. b3
e4 28. g4 h6 29. Be3 Qd5 30. Qc3 Qb5 31. Re1 Nf3 32. Be2 Qd7 33. Bxf3 exf3 34.
Bf2 Qb5 35. Rg1 Qd3 36. Qc5 Qd2 {here, dear reader, three moves from the end
of the game - I simply can't read the moves on the only scoresheet I have. The
Russians have confounded me again, but I'm gaining on them.} 0-1

[Event "Tan Chin Nam Cup 3rd "]
[Site "Beijing"]
[Date "1997.08.19"]
[Round "1"]
[White "Xu Jun"]
[Black "Oll, Lembit"]
[Result "1/2-1/2"]
[WhiteElo "2495"]
[BlackElo "2645"]
[Annotator "Atlas,V"]
[PlyCount "92"]
[EventDate "1997.08.11"]
[EventType "tourn"]
[EventRounds "11"]
[EventCountry "CHN"]
[EventCategory "12"]
[Source "ChessBase"]
[SourceDate "1997.11.23"]
[WhiteTeamCountry "EST"]
[BlackTeamCountry "CZE"]

1. e4 c5 2. Nf3 d6 3. d4 Nf6 4. Nc3 cxd4 5. Nxd4 a6 6. Be3 Ng4 7. Bg5 h6 8. Bh4
g5 9. Bg3 Bg7 10. Be2 h5 11. Bxg4 {
The most popular conitnuation. The main alternative is 11.h4.} Bxg4 12. f3 Bd7
13. Bf2 e6 14. O-O Nc6 {This set-up gains popularity after the game Short,
N-Topalov,V, Novgorod 1997. The alternative14...Ne5 is analyzed in my
annotations to the game Lanka,Z-Ftacnik,L/EU-chTM Pula 1997 (see CBM 59).
After 14...Rc8 15.Nd5 e6 16.Nxc6! Rxc6 17.Bd4! Be5 18.Ne3 f6 19.Rf2 Ke7 20.c3
Qa5 21.Rd2 Rhc8 22.Bxe5 Qxe5 23.Rd4 Qc5 24.Qd2 h4 25.Rd1 b5 26.Kh1 Be8 27.Ng4
Qb6 28.e5! White obtained a large advantage, Bologan,V-Ribli,Z, Deutschland
1996.} 15. Nxc6 Bxc6 16. Bd4 Be5 17. Qd2 ({An attempt} 17. Rf2 {
proved unsuccessful:} Qf6 18. Rd2 O-O-O 19. Ne2 g4 20. Bxe5 dxe5 21. Rd3 gxf3
22. gxf3 Rdg8+ 23. Kh1 Rg6 24. Qe1 Rhg8 25. Rc3 Kb8 26. Rd1 h4 27. Qd2 Bxe4 28.
fxe4 Qf2 29. Ng3 hxg3 30. Rxg3 Qxd2 31. Rxd2 Rxg3 32. hxg3 Rxg3 33. Rf2 Rg7 34.
Kh2 Kc7 35. Kh3 Kd6 36. Rd2+ Ke7 37. Rd3 f5 38. Rb3 Kf6 {
0-1 Schlosser,M-Lendwai,R/AUT-ch 1997/EXP 59}) 17... Qf6 18. Bxe5 dxe5 19. Qd6
$1 ({Short's move} 19. a4 {
allowed Black to evacuate his king and get good chances:} O-O 20. b3 Rfd8 21.
Qe3 Qf4 22. Qxf4 gxf4 23. Rfd1 h4 24. Rxd8+ Rxd8 25. Rd1 Rc8 26. Rd2 Kf8 27.
Nd1 Ke7 28. Nf2 f5 29. Kf1 fxe4 30. fxe4 a5 31. Ke2 Be8 32. Kd1 Bh5+ 33. Kc1
Rg8 34. Nd3 h3 35. gxh3 Rg1+ 36. Kb2 Bf3 37. Nxe5 Bxe4 38. Rf2 Kf6 39. Nc4 Kg5
40. h4+ Kg4 41. h5 f3 42. h6 Kf4 43. Nd2 Rg6 44. h7 Rh6 45. h8=Q Rxh8 {
0-1 Short,N-Topalov,V/Novgorod 1997  The text move seems to be an improvement
over Short's move. Preventing the castle, White wins time for activating his
pieces.}) 19... Rd8 20. Qc5 Qg7 {The black queen is bound to the e5-pawn, and
Black must choose the artificial way for evacuating his king from the center.}
21. Rad1 Rxd1 22. Rxd1 f6 23. Qd6 (23. b4 Qe7 24. Na4 $5 {
deserved here serious attention.}) (23. Rd6 Qe7 24. b4 (24. Nd5 $2 exd5 25.
exd5 Bd7 26. Qc7 Bf5) (24. Rxc6 $6 bxc6 25. Qxc6+ Kf7 26. Qxa6 Rd8 $40) 24...
Kf7 25. a4 {is strongly met by} Rd8 26. Rxd8 Qxd8 27. b5 axb5 28. axb5 Qd2)
23... Kf7 24. b3 Qf8 25. Qc7+ Qe7 26. Qb6 Rc8 {
Black finally consolidated his forces and  retains the balance.} 27. Ne2 Qa3
28. Nc1 Qb2 29. Qf2 Be8 {
Forcing the queen exchange, which leads to the even ending.} 30. c4 Qxf2+ 31.
Kxf2 b5 $1 {Important resource, allowing Black to activate his rook.} 32. cxb5
Rc2+ 33. Kg1 Bxb5 34. a4 Be8 35. Kf1 Ke7 36. Ne2 Rb2 37. Rd3 Bc6 38. Rc3 Kd6 {
The position is equal. An extra pawn on the queenside is fully compensated by
the active position of the black pieces.} 39. Rd3+ Kc7 40. Rc3 Kd6 41. Rd3+ Kc7
42. Rc3 Kb6 43. Nc1 a5 44. Nd3 Rb1+ 45. Kf2 Bb7 46. h3 h4 1/2-1/2

[Event "Tan Chin Nam Cup 3rd "]
[Site "Beijing"]
[Date "1997.08.11"]
[Round "2"]
[White "Oll, Lembit"]
[Black "Pigusov, Evgeny"]
[Result "1/2-1/2"]
[WhiteElo "2645"]
[BlackElo "2560"]
[PlyCount "86"]
[EventDate "1997.08.11"]
[EventType "tourn"]
[EventRounds "11"]
[EventCountry "CHN"]
[EventCategory "12"]
[Source "ChessBase"]
[SourceDate "1997.11.23"]
[WhiteTeamCountry "EST"]
[BlackTeamCountry "CZE"]

1. e4 c5 2. Nf3 Nc6 3. d4 cxd4 4. Nxd4 g6 5. Nc3 Bg7 6. Be3 Nf6 7. Nb3 O-O 8.
Be2 d6 9. f4 Be6 10. g4 d5 11. f5 Bc8 12. exd5 Nb4 13. Bf3 gxf5 14. a3 fxg4 15.
Bg2 Na6 16. Qd3 Nc7 17. O-O-O Nce8 18. h3 g3 19. Ne2 Nd6 20. Nxg3 Bd7 21. Bd4
Rc8 22. Kb1 Ba4 23. Bf3 Kh8 24. Rhg1 Rg8 25. Rg2 Qc7 26. Nc5 Bb5 27. Qd2 b6 28.
Nce4 Nfxe4 29. Nxe4 Nxe4 30. Bxe4 Bxd4 31. Qh6 f5 32. Bxf5 e6 33. d6 Qf7 34.
Bxe6 Qf3 35. Rxg8+ Rxg8 36. Qd2 Qxd1+ 37. Qxd1 Rg1 38. Qxg1 Bxg1 39. d7 Bxd7
40. Bxd7 Kg7 41. Ka2 Kf6 42. Kb3 Ke7 43. Bf5 h6 1/2-1/2

[Event "Tan Chin Nam Cup 3rd "]
[Site "Beijing"]
[Date "1997.08.15"]
[Round "6"]
[White "Alterman, Boris"]
[Black "Oll, Lembit"]
[Result "1/2-1/2"]
[WhiteElo "2615"]
[BlackElo "2645"]
[Annotator "Finkel,A"]
[PlyCount "44"]
[EventDate "1997.08.11"]
[EventType "tourn"]
[EventRounds "11"]
[EventCountry "CHN"]
[EventCategory "12"]
[Source "ChessBase"]
[SourceDate "1997.11.23"]
[WhiteTeamCountry "EST"]
[BlackTeamCountry "CZE"]

1. d4 Nf6 2. c4 e6 3. Nc3 Bb4 4. Qc2 d5 5. cxd5 Qxd5 6. Nf3 Qf5 7. Qb3 c5 8. a3
Ba5 9. Qc4 O-O (9... Bd7 $2 10. dxc5 Bxc3+ 11. Qxc3 Na6 12. b4 Ba4 13. e3 Nc7
14. Bd3 $16 {Hoang,T-Roos,J/Honved-B 1997/EXP 58/1-0 (45)}) (9... Bxc3+ $5 10.
Qxc3 Nbd7 11. g3 cxd4 12. Nxd4 Qd5 13. Nf3 b6 14. Bg2 Ba6 15. O-O Rc8 $132 {
1/2-1/2 Chernin Alexander-Spraggett Kevin/It (open), Bern (Switzerland) 1995
(38)}) (9... Nc6 $6 10. dxc5 Qd5 11. Nd2 $1 (11. Qd3 Ne4 12. Qxd5 exd5 13. Bd2
Bxc3 14. Bxc3 Nxc3 15. bxc3 b6 16. cxb6 axb6 $44) 11... Qxc4 12. Nxc4 Bxc3+ 13.
bxc3 Ne4 14. g3 Nxc5 15. Be3 $36 {
Alterman,B-Yudasin,L/ISR-chT  (Rishon-Pet be) 1996 (39)}) (9... Nbd7 10. b4
cxb4 11. axb4 $16 {xQf5}) 10. b4 cxb4 11. axb4 b5 $5 12. Qb3 $6 (12. Nxb5 $5
Ba6 13. g4 $5 Qd5 (13... Nxg4 $1 14. bxa5 (14. Rxa5 Rc8 15. Qxc8+ Bxc8 16. Nc7
Qb1 $1 17. Rc5 $8 Nd7 18. Nd2 Qxb4 19. Rc4 Qb8 20. Nxa8 Qxa8 $13) 14... Bxb5
15. Qc5 Bd3 $1 $36 16. Rg1) 14. Qxd5 Bxb4+ 15. Bd2 Nxd5 16. e4 Bxd2+ 17. Nxd2
Bxb5 18. Bxb5 Nb4 19. Ke2 $14 {
Atalik,S-Vlassis,G/Aegina op 1996/EXT 96op2/1-0 (53)}) 12... Bb6 {After white's
last move black does'nt have any opening problems,and it's white who has to
play carefully to keep the balance.} 13. e3 Bb7 14. Be2 (14. Bxb5 $6 Bxf3 15.
gxf3 Qxf3 16. Rf1 Rc8 17. Be2 Qg2 $36) 14... a6 15. O-O Nbd7 16. Rd1 Rfc8 17.
Bb2 Bc7 $1 {Transfering the knight to c4.} 18. Bd3 $1 Qh5 19. e4 Nb6 20. Re1 $1
{Good profilactic move.Defending pawn e4 white is strengthening the center.}
Bd6 $5 21. h3 (21. e5 Bc7 $1 (21... Ng4 $2 22. exd6 Bxf3 23. h3 $18) (21...
Bxf3 $6 22. gxf3 Nc4 23. Bxc4 (23. exd6 $2 Nd2 24. Qc2 Nxf3+ $19) 23... bxc4
24. Qc2 $1 Bc7 25. exf6 Qh3 26. f4 Qg4+ 27. Kf1 Qh3+ 28. Ke2 Qg4+ 29. f3 $16)
22. exf6 Bxf3 23. gxf3 Qh3 24. Ne4 (24. Re5 gxf6 $19) 24... Bxh2+ 25. Kh1 $11)
21... Nc4 $1 22. Bc1 (22. e5 $2 Bxf3 23. gxf3 (23. exd6 Qg5 24. g3 Nxd6 $17)
23... Nd2 24. Qd1 Nxf3+ 25. Kg2 Bxb4 26. Qxf3 Qxf3+ 27. Kxf3 Bxc3 28. Bxc3 Rxc3
29. Ke2 Nd5 $17) 22... Nd7 1/2-1/2

[Event "Tan Chin Nam Cup 3rd "]
[Site "Beijing"]
[Date "1997.??.??"]
[Round "7"]
[White "Oll, Lembit"]
[Black "Zhang Zhong"]
[Result "1-0"]
[WhiteElo "2645"]
[BlackElo "2475"]
[Annotator "Tyomkin,D"]
[PlyCount "109"]
[EventDate "1997.08.11"]
[EventType "tourn"]
[EventRounds "11"]
[EventCountry "CHN"]
[EventCategory "12"]
[Source "ChessBase"]
[SourceDate "1997.11.23"]
[WhiteTeamCountry "EST"]
[BlackTeamCountry "CZE"]

1. e4 c5 2. Nf3 d6 3. d4 cxd4 4. Nxd4 Nf6 5. Nc3 a6 6. Bg5 e6 7. f4 Qb6 8. Qd2
Nc6 9. O-O-O Qxd4 (9... Bd7 {Tyomkin,D} 10. Nxc6 (10. Be2 Rc8 (10... Be7 11.
Rhe1 O-O-O 12. f5 Nxd4 13. Qxd4 Qxd4 14. Rxd4 h6 15. Bh4 Rhe8 16. Bc4 d5 17.
exd5 exd5 18. Bxf6 Bxf6 19. Rxe8 Rxe8 20. Rxd5 Bg5+ 21. Kd1 Bc6 $44 {
P:^^ Haentsch,R-Kupreichik,V/Cuxhaven op 1993/EXT 93op/0-1 (51)}) 11. Bf3 (11.
Kb1 Be7 12. Nb3 (12. Nf3 O-O 13. e5 dxe5 14. fxe5 Nd5 15. Nxd5 exd5 16. Bxe7
Nxe7 17. Bd3 Bf5 18. h4 Rc7 19. c3 Qg6 20. Bxf5 Qxf5+ 21. Ka1 b5 $132 {
0-1 Bauer,T-Loginov,V/HUN-chT2 1994/TD 94\03 (44)}) 12... O-O 13. Rhf1 Rfd8 14.
Bxf6 $6 Bxf6 15. Qxd6 Be7 16. Qd3 Be8 $36 17. Qf3 Rxd1+ 18. Bxd1 $6 (18. Rxd1
$142) 18... Qc7 19. Qf2 b5 20. e5 b4 21. Ne4 a5 22. Nbd2 Na7 23. g4 a4 24. g5
Bb5 25. Rg1 Bd3 $1 26. Ka1 a3 $40 {
0-1 Lengyel,B-Loginov,V/Budapest FS12 GM 1993/EXT 93 (35)}) 11... Na5 12. Nb3
Nc4 13. Qd4 Qxd4 14. Rxd4 b5 15. Re1 h6 16. Bh4 g5 17. e5 Nh7 18. Bf2 gxf4 19.
exd6 Bg7 20. Bb7 (20. Nd5 $5) 20... Rb8 21. Bxa6 (21. Nc5 $5 Bxd4 22. Bxd4 Rg8
23. Be4 $13) 21... Bxd4 22. Bxd4 Rg8 23. Nc5 $6 (23. Ba7 Ra8 24. Nxb5 $14)
23... Rg5 $6 (23... Bc6 $5) 24. a4 $2 (24. Nxd7 Kxd7 25. Ba7 Rbg8 26. h4 $16)
24... Nxd6 $13 {1/2-1/2 Lengyel,B-Loginov,V/Budapest FS11 GM 1993/EXT 93 (48)})
10... bxc6 11. e5 Nd5 12. Ne4 Rb8 13. b3 $2 (13. c4 Ne3 14. Re1 Nxf1 15. Rhxf1)
13... dxe5 $17 14. c4 Bb4 15. Qd3 f5 16. cxd5 fxe4 17. Qxe4 cxd5 18. Qxe5 O-O
19. Bd3 Qa5 20. Qe2 Rfc8+ 21. Kb1 Bc3 22. Rc1 Qa3 23. Bxh7+ Kf8 24. Rxc3 Rxc3
25. Bc2 Rbc8 26. Rc1 d4 27. Bf6 gxf6 28. Qh5 {
0-1 Kunze,M-Loginov,V/Budapest Spring op 1990/EXP 17}) 10. Qxd4 Nxd4 11. Rxd4
Nd7 (11... h6 {Tyomkin,D} 12. Bxf6 gxf6 13. Na4 (13. f5 $5) 13... Bd7 14. Nb6
Rd8 15. Nxd7 Rxd7 16. Rc4 h5 17. Rc8+ Rd8 18. Rc7 Rd7 19. Rc8+ Rd8 20. Rc7 Rd7
21. Rc8+ {1/2-1/2 Kengis,E-Yermolinsky,A/URS-chYM Jurmala 1983/MCL 05}) (11...
Be7 {Tyomkin,D} 12. Be2 Bd7 13. Bxf6 gxf6 (13... Bxf6 14. Rxd6 Bc6 15. Bf3 $16
g5 $140 16. e5) 14. a4 h5 15. g3 h4 16. g4 Bf8 17. Rf1 Ke7 18. Kb1 Bh6 19. Rd3
Bc6 20. Rh3 e5 21. fxe5 dxe5 22. b4 $11 {
1/2-1/2 Stefanova,A-Baginskaite,K/Dresden-W 1995/EXT 95 (37)}) 12. Be2 b6 $146
(12... h6 {Tyomkin,D} 13. Bh4 g5 14. fxg5 Ne5 15. Na4 Be7 16. Nb6 Rb8 17. Bg3
hxg5 18. Rhd1 $14 {1-0 Keres,P-Panno,O/Goteborg izt 1955/IZT (30)}) 13. f5 Rb8
(13... Bb7 14. fxe6 fxe6 15. Rhd1 $14 {@}) 14. Rhd1 b5 15. Kb1 Ne5 (15... h6
16. Bh4 b4 17. Na4 g5 18. fxg6 (18. Bg3 e5 19. R4d2 $14) 18... fxg6 19. Bg4 Ne5
20. Bf6 $16) 16. g4 h5 (16... b4 $5 17. Na4 Bd7 18. b3 Bb5 19. Rxb4 (19. Bxb5+
axb5 20. Nc5 Nf3 21. Na6 Rc8 $17) (19. Bf1 $2 Nf3 $19) (19. R4d2 $1 Bxe2 20.
Rxe2 Nxg4 21. Red2 h6 (21... f6 22. Bf4 e5 23. Bg3 $13) (21... Be7 $5 {
Maybe this endgame is best compare to what the black can get in this position.}
22. Bxe7 Kxe7 23. fxe6 fxe6 24. Rxd6 Rhd8 25. Rxd8 Rxd8 26. Rxd8 Kxd8 27. Nc5
Nxh2 28. Nxe6+ $15 {Very unclear endgame which is demands a special attention})
22. Bf4 Nf6 23. fxe6 Nxe4 24. exf7+ Kxf7 25. Rd4 $44) 19... d5 20. Bxb5+ axb5
21. Bf4 Bxb4 $5 (21... f6 22. Rbd4 bxa4 23. Rxa4 $15) 22. Bxe5 Rb7 23. Nb2 dxe4
$17) 17. gxh5 b4 18. Na4 exf5 (18... Bd7 $5 {Similar to the previous line. I
really can`t understand why Mr.Zhang Zhong didn`t played Bd7 here or on
previous move.}) 19. exf5 Bxf5 20. h4 (20. Bf4 $5) 20... Be7 (20... f6 21. Bf4
Bd7 22. b3 Bb5 23. c4 bxc3 24. Nxc3 Bxe2 25. Nxe2 Rxh5 26. Ng3 Rh8 27. Nf5 $36)
(20... Bd7 $5) 21. b3 f6 (21... Rc8 $5) 22. Be3 Kf7 23. Rf4 Be6 (23... Ke6 $6
24. Bxa6 (24. Rdf1 Bh3 25. Rh1 Bf5 26. Rhf1 $11) 24... Rxh5 25. Be2 Rh7 26. Nb6
$14) 24. Nb6 a5 25. Nd5 Bd8 26. Rfd4 Rc8 (26... Nc6 27. R4d2 Ne7 (27... f5 28.
h6 $40) 28. Nxe7 Bxe7 29. Bf4 $36) 27. Rf1 Rc5 28. Nf4 Bf5 29. Rd2 (29. Rxd6 $5
Bxc2+ (29... Rxc2 30. Bd3 Rc3 31. Bxf5 Rxe3 32. Bg6+ Nxg6 33. hxg6+ Ke8 34.
Rfd1 $16) 30. Kb2 Rc8 31. Ba6 Rc3 32. Bd4 Bd3 (32... Nd3+ 33. Nxd3 Bxd3 34.
Bxc3 Bxf1 35. Bxf1 bxc3+ 36. Kxc3 f5 $14) 33. Bxc3 bxc3+ 34. Kxc3 Bxf1 35. Bxf1
Be7 36. Rd1 Bb4+ 37. Kb2 Rc8 $11) 29... Rc6 30. Bb5 Rc8 31. Ba6 Rb8 $2 (31...
Rc6 {Would probably lead to treepfold repetion.}) 32. Rxd6 Bc7 33. Rdd1 Bb6 (
33... Bg4 34. Rd5 Bxh5 (34... Bf3 $2 35. Rxf3 (35. Rxe5 $5) 35... Nxf3 36. Rd7+
$18) 35. Rc5 Bd6 36. Rxa5 $14) 34. Bc1 (34. Nd5 $5 Bxe3 (34... Bc8 35. Bxb6
Bxa6 $11) 35. Rxf5 Bc5 36. Rdf1 Ke6 37. c4 bxc3 38. Nxc3 Rb4 $11) 34... Rhd8
35. Rde1 (35. Nd3 Nxd3 36. cxd3 Bh3 (36... Bg4 37. Bc4+) 37. Rf4 (37. Bc4+ Kf8)
37... Be6 $14) 35... Bc7 36. h6 (36. Nd5 Bxc2+ 37. Kxc2 Rxd5 $11) 36... Rb6 (
36... gxh6 37. Nh5 Kg6 38. Be2 $36) 37. Rxe5 $1 Bxe5 (37... fxe5 38. Bc4+ Ke7 (
38... Kf6 39. Nd5+ Rxd5 40. Bxd5 $18) 39. Nd5+ $18) 38. Bc4+ Kf8 39. Nd5 Rxd5 (
39... Rbd6 $2 40. Rxf5 g6 41. Nf4 $1 (41. Rf1 Rxd5 42. Bxd5 Rxd5 $11) 41...
gxf5 (41... Bxf4 42. Rxf4 $18) 42. Ng6+ Ke8 43. h7 Kd7 44. Bg8 $18) 40. Bxd5
Bh7 41. Be3 Rb5 42. Bc6 Rb8 43. Bc5+ Kg8 (43... Kf7 $5 44. Bd5+ Ke8 45. hxg7
Rc8 46. Be4 $1 Kf7 47. Bxh7 Kxg7 48. Bxb4 (48. Bb6 $5 $16) 48... axb4 49. Bd3
$16) 44. Rg1 g6 45. Rd1 (45. h5 $5 g5 46. Bd5+ Kh8 47. Be6 $14) 45... Rc8 46.
Bd5+ Kh8 47. Bb6 g5 48. Bc4 g4 $2 (48... gxh4 $8 49. Rh1 $1 (49. Bxa5 h3 50.
Bxb4 h2 51. Bd3 Bxd3 52. cxd3 Rd8 53. Rh1 (53. Rd2 Rxd3 $19) 53... Rg8 54. Bc5
Rg2 55. a4 Rb2+ 56. Ka1 Rc2+ 57. Kb1 Rxc5 58. d4 Bxd4 59. Rxh2 Kh7 $19) 49...
a4 $5 50. Rxh4 a3 51. Rh1 $14) 49. Bxa5 $18 g3 50. Bxb4 Be4 51. Be1 Bf3 52. Rd7
Bg4 53. Re7 Rd8 54. Bd3 g2 55. Rh7+ 1-0

[Event "Tan Chin Nam Cup 3rd "]
[Site "Beijing"]
[Date "1997.08.18"]
[Round "9"]
[White "Oll, Lembit"]
[Black "Ye Jiangchuan"]
[Result "1-0"]
[WhiteElo "2645"]
[BlackElo "2530"]
[PlyCount "105"]
[EventDate "1997.08.11"]
[EventType "tourn"]
[EventRounds "11"]
[EventCountry "CHN"]
[EventCategory "12"]
[Source "ChessBase"]
[SourceDate "1997.11.23"]
[WhiteTeamCountry "EST"]
[BlackTeamCountry "CZE"]

1. d4 Nf6 2. c4 g6 3. Nc3 Bg7 4. e4 d6 5. Nf3 O-O 6. Be2 e5 7. O-O Nc6 8. d5
Ne7 9. b4 Nh5 10. Re1 Nf4 11. Bf1 a5 12. bxa5 Rxa5 13. a4 c5 14. Nb5 f6 15.
Bxf4 exf4 16. Qd2 Ra6 17. Qxf4 g5 18. Qd2 Ng6 19. h3 h5 20. Ra3 Rf7 21. Nh2 Bf8
22. Nc3 Rh7 23. Ne2 g4 24. Ng3 gxh3 25. gxh3 Bh6 26. Qd1 Bf4 27. Kh1 Kh8 28.
Nf5 Qa5 29. Nf3 Rb6 30. Bd3 Rb2 31. Rg1 Bxf5 32. exf5 Ne5 33. Be2 Ng4 34. Rg2
Re7 35. Ng1 Qb4 36. Ra1 Rd2 37. Qf1 Ne5 38. a5 Rc2 39. Bd3 Rc3 40. Qd1 Rh7 41.
a6 bxa6 42. Rb1 Nxd3 43. Rxb4 cxb4 44. Qa4 Re7 45. Qxa6 Kh7 46. Qc8 Rg7 47.
Rxg7+ Kxg7 48. Qd7+ Kf8 49. Nf3 b3 50. Kg2 Rc1 51. Qc8+ Kg7 52. Qb7+ Kh6 53.
Qf7 1-0

[Event "Tan Chin Nam Cup 3rd "]
[Site "Beijing"]
[Date "1997.08.19"]
[Round "10"]
[White "Lin Weiguo"]
[Black "Oll, Lembit"]
[Result "0-1"]
[WhiteElo "2470"]
[BlackElo "2645"]
[Annotator "Hecht"]
[PlyCount "98"]
[EventDate "1997.08.11"]
[EventType "tourn"]
[EventRounds "11"]
[EventCountry "CHN"]
[EventCategory "12"]
[Source "ChessBase"]
[SourceDate "1997.11.23"]
[WhiteTeamCountry "EST"]
[BlackTeamCountry "CZE"]

1. d4 Nf6 2. c4 e6 3. Nc3 Bb4 4. Nf3 c5 5. e3 O-O 6. Bd3 d5 7. O-O cxd4 8. exd4
dxc4 9. Bxc4 Nbd7 10. Bg5 h6 (10... Qa5 11. Rc1 Bxc3 12. Rxc3 b5 13. Ra3 Qb6
14. Rb3 a6 15. a4 Qc7 16. Bd3 bxa4 17. Rc3 Qa5 18. Ra3 Bb7 19. Rxa4 Qd5 20. Re1
a5 21. Ra3 Bc6 22. Rc3 Rfc8 23. Qc2 Bb7 24. Bc4 Qd6 25. Ne5 {
Ljubojevic,L-Kortschnoj,V/Leon 1994/CBM 42/[Franco]/1/2-1/2 (81)}) 11. Bh4 Qa5
12. Rc1 Bxc3 (12... b6 13. Qe2 Bb7 14. Ne5 Rac8 15. a3 Bxc3 16. Rxc3 Nxe5 17.
b4 Nf3+ 18. Qxf3 Bxf3 19. bxa5 Bb7 20. axb6 axb6 21. Rfc1 Ne4 22. R3c2 g5 23.
Bg3 Nxg3 24. hxg3 Rfd8 25. Bb5 Rxc2 26. Rxc2 Rxd4 27. Rc7 {
Zayac,E-Oll,L/US-op 1997/EXP 58/0-1 (45)}) 13. bxc3 b5 14. Bb3 Bb7 15. Ne5 Rac8
16. Nxd7 Nxd7 17. f4 Rxc3 18. f5 Rxc1 19. Qxc1 Qb6 20. fxe6 fxe6 21. Rxf8+ Nxf8
22. Qc5 Qc6 23. Qxc6 Bxc6 {#  Two bishops without influence in a position
which is half-blocked , thanks to the pawn on d4. An ideal support point for
Black's bishop on d5.  Part 1: formation of a passed pawn on the queen's wing
and tying down of White's bishop. Part 2: activation of the Black king and
delineation of the pawn on g3 as a decisive weakness. Maneuvering, technique.
#  Zwei Läufer ohne Wirkung bei halbblockierter Stellung dank des Bd4. Idealer
Stützpunkt d5 für den schwarzen Läufer.  Teil1: Freibauernbildung am
Damenflügel und Bindung eines weißen Läufers. Teil2: Aktivierung des schwarzen
Königs und Markieren des Bg3 als entscheidende Schwäche.  Lavieren, Technik}
24. a3 Kf7 25. Be1 Ng6 26. g3 Ne7 27. Kf2 Bd5 28. Bd1 Nc6 29. Ke3 a5 30. Bc2
Kf6 31. Bd1 b4 32. axb4 axb4 33. Be2 b3 34. Bc3 Ne7 35. h4 Nf5+ 36. Kf2 Nd6 37.
Bd3 Be4 38. Be2 Bd5 39. Bd3 Be4 40. Be2 Bc2 41. Bb2 h5 42. Kf3 Kf5 43. Bf1 Be4+
44. Ke3 Kg4 45. Kf2 Bd5 46. Be2+ Kh3 47. Bf1+ Kh2 48. Bd3 Ne8 49. Bc1 Nf6 0-1

[Event "Tan Chin Nam Cup 3rd "]
[Site "Beijing"]
[Date "1997.08.20"]
[Round "11"]
[White "Oll, Lembit"]
[Black "Liang Jinrong"]
[Result "1/2-1/2"]
[WhiteElo "2645"]
[BlackElo "2425"]
[PlyCount "110"]
[EventDate "1997.08.11"]
[EventType "tourn"]
[EventRounds "11"]
[EventCountry "CHN"]
[EventCategory "12"]
[Source "ChessBase"]
[SourceDate "1997.11.23"]
[WhiteTeamCountry "EST"]
[BlackTeamCountry "CZE"]

1. d4 d5 2. c4 e6 3. Nc3 Be7 4. Nf3 Nf6 5. Qc2 O-O 6. cxd5 Nxd5 7. Bd2 b6 8. g3
Bb7 9. Bg2 Nd7 10. Nxd5 Bxd5 11. e4 Bb7 12. O-O c5 13. Bc3 cxd4 14. Nxd4 a6 15.
Rfd1 Qc7 16. Qe2 Rad8 17. Rac1 Qb8 18. b3 Qa8 19. Be1 Nf6 20. f3 Rc8 21. Bf2
Rxc1 22. Rxc1 Rc8 23. Qd2 Rxc1+ 24. Qxc1 Bc5 25. Qc3 Qf8 26. Nc2 Nd7 27. b4
Bxf2+ 28. Kxf2 Qc8 29. Qxc8+ Bxc8 30. Ke3 Bb7 31. Kd4 e5+ 32. Kc3 b5 33. Ne1
Nb6 34. Bh3 Kf8 35. Nd3 Na4+ 36. Kb3 f6 37. Be6 Ke7 38. Bg8 h6 39. Kc2 Bc8 40.
Bb3 Nb6 41. Nc5 Nd7 42. Ne6 g6 43. Kc3 Nb6 44. Nc5 Nd7 45. Be6 Nxc5 46. Bxc8
Kd8 47. bxc5 Kxc8 48. Kb4 Kb7 49. g4 h5 50. gxh5 gxh5 51. h4 Kc7 52. Ka5 Kc6
53. Kxa6 Kxc5 54. Ka5 b4 55. Ka6 Kc6 1/2-1/2